| 000 | 01176nam a22002537a 4500 | ||
|---|---|---|---|
| 999 |
_c6946 _d6946 |
||
| 003 | AR-CdUCM | ||
| 008 | 190319b ||||| |||| 00| 0 spa d | ||
| 040 |
_aMUNICIPALIDAD PROVINCIAL DEL CUSCO _cBIBLIOTECA MUNICIPAL DEL CUSCO |
||
| 041 | _hfre | ||
| 082 |
_a636.2 / _bV89 |
||
| 100 |
_aVoisin, A. _919577 |
||
| 245 |
_aLa vaca y la hierba : _bComo obtener buenos rendimientos del ganado vacuno / |
||
| 260 |
_aMadrid : _bTecnos, _c1971. |
||
| 300 |
_a127 paginas ; _bIlustraciones, cuadros, _c21 cm. |
||
| 500 | _aTitulo original : La vache et son herbe | ||
| 505 | _aLa hierba esta hecha para la vaca y no la vaca para la hierba -- Debemos administrar las fuerzas de la hierba como hacen los atletas -- Hay que ayudar a la vaca para que recolecte la máxima cantidad de la mejor calidad posible -- El factor tiempo debe gobernar en forma absoluta sobre el pastoreo racional -- Compensación de las fluctuaciones estacionales de producción... | ||
| 650 |
_aPastoreo _92918 |
||
| 650 |
_aHierba _919578 |
||
| 650 |
_aGanado mayor _919579 |
||
| 700 |
_aLecomte, A. _919580 |
||
| 700 |
_aFalder Rivero, Angel (Traductor) _919581 |
||
| 942 |
_2ddc _cLIBROS |
||
| 945 | _awnts | ||